History of economic thought : A critical account of the origin and development of the economic theories of the leading thinkers in the leading nations

সংরক্ষণ করুন:
গ্রন্থ-পঞ্জীর বিবরন
প্রধান লেখক: Haney, Lewis H.
বিন্যাস: গ্রন্থ
ভাষা:Undetermined
প্রকাশিত: New York The Macmillan company 1936
বিষয়গুলি:
ট্যাগগুলো: ট্যাগ যুক্ত করুন
কোনো ট্যাগ নেই, প্রথমজন হিসাবে ট্যাগ করুন!
Thư viện lưu trữ: Trung tâm Học liệu Trường Đại học Cần Thơ
LEADER 00584nam a2200181Ia 4500
001 CTU_78697
008 210402s9999 xx 000 0 und d
082 |a 330.15 
082 |b H237 
100 |a Haney, Lewis H. 
245 0 |a History of economic thought : 
245 2 |b A critical account of the origin and development of the economic theories of the leading thinkers in the leading nations 
245 0 |c Lewis H. Haney 
260 |a New York 
260 |b The Macmillan company 
260 |c 1936 
650 |a Economics 
980 |a Trung tâm Học liệu Trường Đại học Cần Thơ